| 000 | 00520nam a2200193Ia 4500 | ||
|---|---|---|---|
| 005 | 20250508153248.0 | ||
| 008 | 008 250505s9999 xx 000 0 eng d | ||
| 037 | _aTextual | ||
| 040 |
_aFEDL _beng _cFEDL |
||
| 041 |
_aeng _2eng |
||
| 084 |
_a375.3, MOF _qFEDL |
||
| 100 |
_aMoffatt Maurice P _9759218 |
||
| 245 | 0 | _aSocial studies instruction | |
| 250 | _a3rd | ||
| 260 |
_aEnglewood Cliffs _bPrentice-Hall _c1963 |
||
| 300 | _axii,404p. | ||
| 942 |
_cTEXL _h375.3, MOF |
||
| 999 |
_c1341599 _d1341599 |
||